000 00848cam a2200301 4500
999 _c8977
_d8977
001 8977
003 BD-JhCC
005 20180327104951.0
008 720811s1971 enk b 000 0 eng
020 _a0333063341
020 _a0333000536 (pbk.)
035 _a(BD-JhCC)8977
040 _aDLC
_cDLC
_dDLC
_dWaU
_dBD-JhCC
041 _aeng
050 0 0 _aPR4837
_b.F74
082 0 0 _a821/.7
_bFRA 1971
100 1 _aFraser, G. S.
_q(George Sutherland),
_d1915-
245 1 0 _aJohn Keats: Odes:
_ba casebook /
_cedited by G. S. Fraser.
260 _aLondon,
_bMacmillan,
_c1971.
300 _a249 p.
_c19 cm.
350 _a£2.00
490 0 _aCasebook series
504 _aBibliography: p. [237]-241.
600 1 0 _aKeats, John,
_d1795-1821
_xExaminations
650 0 _aOdes, English
_xHistory and criticism.
942 _2ddc
_cBK